| 000 | 01099naa a22003017a 4500 | ||
|---|---|---|---|
| 001 | BR9401665 | ||
| 003 | BR-BrBNA | ||
| 005 | 20240918180956.0 | ||
| 007 | ta | ||
| 008 | 230509b bl.||||| |||| 00| 0 por d | ||
| 040 |
_aBR-BrBNA _bpor _cBiblioteca Nacional de Agricultura |
||
| 041 | _a(Pt) | ||
| 072 | _aE10; P01; T01 | ||
| 090 | _aE10 BR9401665 | ||
| 100 | 1 | _aFerreira, J.P. | |
| 111 | 1 |
_a1. Congresso Brasileiro de Saude e Meio Ambiente _cRio de Janeiro, RJ (Brazil) _d5-9 Nov 1991 |
|
| 245 | 1 | _aPolitica economica e meio-ambiente | |
| 260 | 3 |
_aRio de Janeiro, RJ (Brasil): _c1991. |
|
| 500 | _a1. Congresso Brasileiro de Saude e Meio Ambiente Rio de Janeiro, RJ (Brasil): 1991. p. 65-96 (BR9401665-AM)E10 | ||
| 650 | _aDesenvolvimento Industrial | ||
| 650 | _aAdocao de Inovacoes | ||
| 650 | _aMeio Ambiente | ||
| 650 | _aDesenvolvimento Economico | ||
| 650 | _aPreservacao da Natureza | ||
| 773 | 0 |
_t1. Congresso Brasileiro de Saude e Meio Ambiente _wE10 BR9401665 _gRio de Janeiro, RJ (Brasil), 1991. p. 65-96 |
|
| 909 |
_a202404 _bLucia _c55 _dLucia Elande |
||
| 942 |
_cAM _2AGRIS |
||
| 999 |
_c322959 _d322959 |
||